| 000 | 00629nam a22001937a 4500 | ||
|---|---|---|---|
| 005 | 20140812151434.0 | ||
| 010 | _aENG-110325 | ||
| 020 |
_a9789350621998 _c325.00 |
||
| 035 | _aEN-93857 | ||
| 037 | _bDBAD/PUB | ||
| 082 | _a338.5 | ||
| 100 | _aAdenutsi, Deodat E | ||
| 245 |
_aEssentials of microeconomics : _cby Deodat E Adenutsi _bfor business and entrepreneurship / |
||
| 260 |
_aNew Delhi _bExcel Books _c2013 |
||
| 270 |
_aA-45, Naraina, Phase I _bNew Delhi _e110028 |
||
| 300 |
_axvi,386p. : _c25cm(pbk) _bill. |
||
| 500 | _aIncludes bibliographical references and index | ||
| 942 |
_2ddc _cEN _mADE _h338.5 |
||
| 999 |
_c86255 _d86255 |
||